02395nam a2200265 u 45000010006000000050017000060080041000230200018000640350010000820350021000920400013001130410008001260820008001341000056001422450033001982600040002313000036002715050606003075201007009136500033019206500029019536500031019827000036020137000080020495852320260504075159.0960313s1989 spa  a9789589523704 a58523 a(OCoLC)778163700 ccomduadb aspa 4a75910aMendoza García, Plinio Apuleyo,d 1932-4auteaut10aNuestros pintores en París aBogotá :bEdiciones Gamma,c1989. a148 páginas :bilustraciones. aCONTENIDO : Artistas presentados. -- A manera de prólogo. -- Los primeros. -- Fuera de serie. -- Emma Reyes. -- Darío Morales. -- Luis Caballero. -- Antonio Barrera. -- Gregorio Cuartas. -- Heriberto Cuadrado Cogollo. -- Saturnino Ramírez. -- Jairo Téllez. -- Francisco Rocca Gloria Uribe. -- Los últimos. -- Alberto Sojo. -- Gustavo Vejarano. -- Mario Ossaba. -- Patricia Tavera. -- María Teresa Viecco. -- Constanza Aguirre. -- Víctor Laignelet. -- Beatriz Duque. -- Homero Aguilar. -- Ramiro Arango. -- Gabriel Silva. -- Luis Fernando Zapata. -- Jaime Gómez. -- Y siguen Llegando. .3 aRESUMEN : "París sigue siendo el norte de los pintores. La ciudad ha sido testigo y protagonista de las dificultades, las esperanzas, los triunfos y -en muchos casos- los fracasos de miles y miles de artistas. Y dentro de esa enorme masa, los colombianos ocupan un puesto destacado, comenzando por Fernando Botero y Darío Morales hasta llegar a figuras jóvenes como Alberto Sojo. Una persona, el periodista y escritor Plinio Apuleyo Mendoza, se dedicó a seguirle el rastro a los integrantes de esta "tribu", realizo entrevistas con todos ellos, los conoció de cerca en ese París a veces triste, a veces alegre, pero siempre avasallador. El resultado de ese seguimiento es el libro "Nuestros pintores en París", en el que Mendoza pasa revista a pintores y escultores que, para bien o para mal, han ido a parar a esa ciudad. Sin pretensiones críticas y centrado más en el aspecto humano, el autor logra un espléndido trabajo, acompañado con fotos de los personajes en sus talleres." aPintores colombianos - Paris 7aPintura colombiana2lemb 7aPintores colombianos2lemb10aGomez Pulido, Ignacio4phtepht10aJordán, Olga Lucía4pht0(isni)0000 0000 3305 61240(viaf)28688921epht